| 000 | 00694nam a22001937a 4500 | ||
|---|---|---|---|
| 003 | OSt | ||
| 005 | 20260427082709.0 | ||
| 008 | 260427b |||||||| |||| 00| 0 eng d | ||
| 020 | _a9789719938118 | ||
| 040 |
_aDWCL Main Lib. _cOC |
||
| 082 | _aFil. 005.1 A648 2013 | ||
| 110 | _aComputer Assisted Learning Corporation | ||
| 245 |
_aExperiencing ICT : _bapplication programming 2 : SQL database organization / _cComputer Assisted Learning Corporation |
||
| 260 |
_aQuezon City, Philippines : _bComputer Assisted Learning Corporation, _cc2013. |
||
| 300 |
_a243 pages : _billustrations ; _c28 cm. |
||
| 500 | _aStudent's manual. | ||
| 650 | _a1. Database management. | ||
| 942 |
_2ddc _cBK-FIL _n0 |
||
| 999 |
_c9963 _d9963 |
||